000 00646nam a2200265Ia 4500
008 190123s9999 xx 000 0 und d
020 _a9780545153423
050 _bK747 2006
100 _aKnudsen, Michelle
245 0 _aLibrary lion /
245 0 _cby Michelle Knudsen ; illustrated by Kevin Hawkes.
260 _aNew York, New York :
260 _bScholastic,
260 _c2006
300 _aunpaged :
300 _bcolored illustrations ;
300 _c26cm.
500 _a470L
650 _aCourtesy.
650 _aFriendship.
650 _aLibraries.
650 _aLion.
650 _aObedience.
700 _aTitle.
999 _c361052
_d361052